Language Acquisition

محفوظ في:

التنسيق: دورية

اللغة: Undetermined

منشور في: JSTOR
Taylor & Francis, Ltd.

الموضوعات:

الوصول للمادة أونلاين: Login to view Source

الوسوم: إضافة وسم

لا توجد وسوم, كن أول من يضع وسما على هذه التسجيلة!

رقم الطلب:

LEADER 00499nas a2200169Ia 4500
008 220214c99999999xx |||||||||||| ||und||
022 |a 1048-9223 
022 |a 1532-7817 
245 0 0 |a Language Acquisition 
264 1 |b JSTOR 
264 1 |b Taylor & Francis, Ltd. 
362 0 |a Vol. 1(1990)-20 (2013) 
653 1 0 |a Social Sciences 
856 4 0 |u https://www.jstor.org/journal/langacqu 
942 |c JL 
952 |0 0  |1 0  |4 0  |7 1  |9 36032  |a JSR  |b JSR  |d 2022-02-14  |l 0  |r 2022-02-14 00:00:00  |w 2022-02-14  |y JL 
999 |c 44365  |d 44365